Rob Van Dam's WrestleMania Opponents - Statistics

General Stats
  • This quiz has been taken 6 times
  • The average score is 13 of 18
Answer Stats
WrestleMania Opponent % Correct
WrestleMania 22 Finlay
100%
WrestleMania 22 Matt Hardy
100%
WrestleMania 22 Ric Flair
100%
WrestleMania X8 William Regal
100%
WrestleMania 22 Bobby Lashley
80%
WrestleMania XX Bubba Ray Dudley
80%
WrestleMania XX D-Von Dudley
80%
WrestleMania XX René Duprée
80%
WrestleMania XX Rob Conway
80%
WrestleMania 22 Shelton Benjamin
80%
WrestleMania XIX Chief Morley
60%
WrestleMania XX Garrison Cade
60%
WrestleMania 23 Kevin Thorn
60%
WrestleMania XIX Lance Storm
60%
WrestleMania XX Mark Jindrak
60%
WrestleMania 23 Matt Striker
60%
WrestleMania 23 Elijah Burke
40%
WrestleMania 23 Marcus Cor Von
40%
No matching quizzes found
Score Distribution
Percent of People with Each Score
Percentile by Number Answered
Your Score History
You have not taken this quiz